Lana Del Rey - Playing Dangerous (Unreleased) - Statistics

General Stats
  • This quiz has been taken 41 times
  • The average score is 248 of 328
Answer Stats
Lyric % Correct
a
100%
I
100%
of
100%
you
100%
You
100%
girl,
97%
girl?
97%
I'm
97%
in
97%
do
93%
Do
93%
on
93%
on?
93%
then
93%
Then
93%
your
93%
good
90%
love,
90%
love
90%
Love
90%
Officer
90%
officer
90%
(Officer)
90%
The
90%
the
90%
ever
86%
have
86%
like
86%
that,
86%
don't
83%
finger
83%
ring
83%
see
83%
that's
83%
Everybody
79%
for
79%
hurricane
79%
hurricane,
79%
knows
79%
me,
79%
me
79%
No,
79%
thing
79%
fire,
76%
fire
76%
wouldn't
76%
been
72%
can
72%
car,
72%
dating
72%
liar
72%
not
72%
singer?
72%
sure
72%
back
69%
bad,
69%
but
69%
dangerous
69%
game
69%
get
69%
I've
69%
thought
69%
was
69%
already
66%
cop
66%
fine,
66%
house
66%
my
66%
Playing
66%
so
66%
swear
66%
wrong
66%
ask
62%
asking
62%
put
62%
thanks
62%
to
62%
Well,
62%
Well
62%
are
59%
desire
59%
desire,
59%
handcuffs
59%
is
59%
it
59%
It
59%
little
59%
really
59%
shaken,
59%
suddenly
59%
always
55%
at
55%
can't
55%
he's
55%
interesting,
55%
nightgown
55%
stand
55%
those
55%
want,
55%
anything
52%
anything,
52%
Gosh,
52%
Let's
52%
Tell
52%
tight
52%
alone
48%
boy
48%
here
48%
If
48%
late?
48%
what
48%
work
48%
It's
45%
Looking
45%
Lovin'
45%
standing
45%
uncuffing
45%
heat
41%
higher,
41%
out
41%
break
38%
crazy
38%
flames
38%
getting
38%
might
38%
or
38%
burn
34%
kind
34%
think?
34%
exciting,
31%
makes
31%
stay
31%
shy
28%
Sometimes
28%
strange
28%
so's
24%
down
17%
No matching quizzes found
Score Distribution
Percent of People with Each Score
Percentile by Number Answered
Your Score History
You have not taken this quiz